000 00852nam a2200241 i 4500
001 bg
245 0 0 _aStacja kompleksowego monitoringu środowiska Bory Tucholskie /
_cpod red. nauk. Apolonii Ostrowskiej ; Instytut Ochrony Środowiska.
260 _aWarszawa :
_bIOŚ,
_ccop. 1993.
300 _a154, [1] s., [21] s. tabl. złoż., [1] k. fot. kolor. :
_bmapy, rys., wykr. ;
_c24 cm.
490 1 _aMonitoring Środowiska
504 _aBibliogr. przy rozdz. - Summ.
650 9 _aŚrodowisko człowieka
_xbadanie
_zPolska
651 9 _aTucholskie Bory
_xfizjografia
_xbadanie
700 1 _aOSTROWSKA, Apolonia.
_eRed.
830 _aMonitoring Środowiska
020 _a8385805060
040 _cBPK
041 0 _apl
_ben
080 _a914.38::911.2A/Z:504
920 _a83-85805-06-0
942 _cKS
008 s pl f |000 0 pol
999 _c30424
_d30424
856 _uhttp://koha.tu.koszalin.pl/cgi-bin/koha/opac-detail.pl?biblionumber=30424
_yKatalog online BPK